Famous English People By Picture #3 - Statistics

General Stats
  • This quiz has been taken 338 times
  • The average score is 10 of 16
Answer Stats
Picture Answer % Correct
Diana, Princess of Wales
97%
Elton John
92%
Ed Sheeran
91%
Henry VIII
86%
Margaret Thatcher
86%
Ozzy Osbourne
73%
Idris Elba
60%
Orlando Bloom
57%
Richard Branson
54%
Chris Martin
52%
Charlie Chaplin
43%
Guy Fawkes
41%
Stormzy
36%
Alan Shearer
35%
Neville Chamberlain
35%
James Cook
28%
No matching quizzes found
Score Distribution
Percent of People with Each Score
Percentile by Number Answered
Your Score History
You have not taken this quiz